000 00378 a2200169 4500
001 69540
020 _a8516049868
040 _cAnchieta - Itaigara
100 _aCarrasco, Walcyr
240 1 0 _aCamarões X tartarugas
_lpor
245 1 0 _aCamarões X tartarugas
300 _a72
362 0 _a2006
440 1 _aModerna
650 4 _aLiteratura infanto-juvenil
942 _cBK
999 _c69540
_d69540